[Event "Rated Blitz game"]
[Site "?"]
[Date "2021.02.16"]
[Round "?"]
[White "battle_tour"]
[Black "annaly1979"]
[Result "1-0"]
[WhiteElo "2499"]
[BlackElo "2372"]
[PlyCount "149"]
[EventDate "2021.??.??"]
[EventType "blitz"]

1. e4 e5 2. Nf3 d5 3. exd5 e4 4. Qe2 f5 5. d3 Nf6 6. Nbd2 Be7 7. dxe4 fxe4 8.
Nxe4 Nxe4 9. Qxe4 O-O 10. Bd3 Bf5 11. Qc4 Bd6 12. O-O Nd7 13. Bxf5 Rxf5 14. Qe4
Rxf3 15. Qxf3 Ne5 16. Qh3 Qf8 17. f4 Ng6 18. f5 Ne5 19. Bf4 Re8 20. Rae1 Qf6
21. Qh5 Rf8 22. Bxe5 Bxe5 23. c3 Qd6 24. Qe2 Bxh2+ 25. Kh1 Bg3 26. Qe6+ Kh8 27.
Qxd6 cxd6 28. Re7 h5 29. Rxb7 Re8 30. Rxa7 Re4 31. Rd1 Rh4+ 32. Kg1 Re4 33. Rb7
h4 34. a4 Rxa4 35. Rb4 Ra5 36. Rg4 Kh7 37. Rxg3 hxg3 38. Rd3 Rb5 39. b4 Kh6 40.
Rxg3 Rxd5 41. Rg6+ Kh5 42. Kh2 Rxf5 43. Rxd6 g5 44. c4 Rf4 45. Rc6 Rh4+ 46. Kg3
Rd4 47. b5 Rd3+ 48. Kh2 g4 49. b6 Kh4 50. g3+ Kg5 51. b7 Rd2+ 52. Kg1 Rb2 53.
Rc7 Kf5 54. c5 Ke4 55. c6 Kf3 56. Rf7+ Kxg3 57. Kf1 Rb1+ 58. Ke2 Kg2 59. Rf8
Rb2+ 60. Kd3 Rb3+ 61. Kc4 Rb1 62. b8=Q Rc1+ 63. Kd5 Rd1+ 64. Ke4 Re1+ 65. Kd3
Rd1+ 66. Ke2 Rd4 67. c7 g3 68. c8=Q Re4+ 69. Kd3 Re1 70. Qcb7+ Kg1 71. Rh8 g2
72. Kc2 Re2+ 73. Kd3 Rf2 74. Qb6 Kf1 75. Qb1# {Normal} 1-0

[Event "Rated Blitz game"]
[Site "?"]
[Date "2021.02.16"]
[Round "?"]
[White "kintoho"]
[Black "annaly1979"]
[Result "0-1"]
[WhiteElo "2479"]
[BlackElo "2354"]
[PlyCount "120"]
[EventDate "2021.??.??"]
[EventType "blitz"]

1. e4 e5 2. Nf3 d5 3. Nxe5 Qe7 4. d4 f6 5. Nd3 Nc6 6. c3 Bf5 7. Be2 Bxe4 8. O-O
Qf7 9. f3 Bf5 10. Qa4 Bd6 11. Nc5 Bxc5 12. dxc5 Nge7 13. Bf4 O-O-O 14. Bb5 a6
15. Na3 axb5 16. Nxb5 Bd3 17. Qa8+ Kd7 18. Qxb7 Bxb5 19. Rfe1 Rc8 20. Qxb5 g5
21. Bg3 Nf5 22. Rad1 h5 23. Bf2 Rb8 24. Qd3 Nfe7 25. b4 Ne5 26. Qd4 c6 27. Bg3
N7g6 28. c4 Rxb4 29. Rb1 Rxc4 30. Qd2 Rc8 31. Rb7+ Rc7 32. Rxc7+ Kxc7 33. Qa5+
Kd7 34. Rb1 Ke6 35. Qd8 h4 36. Bf2 Qd7 37. Qg8+ Qf7 38. Qc8+ Qd7 39. Qg8+ Qf7
40. Qd8 Qe7 41. Qg8+ Kf5 42. h3 Nf4 43. Rb8 Rxc5 44. Re8 Rc1+ 45. Kh2 Nxf3+ 46.
gxf3 Qe2 47. Rxe2 Nxe2 48. Qh7+ Ke6 49. Qg8+ Kf5 50. Qh7+ Ke6 51. Qg8+ Kd7 52.
Qf7+ Kc8 53. Qe6+ Kb7 54. Qxe2 Rc4 55. Qe7+ Kc8 56. Qxf6 Rf4 57. Qd6 Rxf3 58.
Bb6 Rf7 59. Qxc6+ Kb8 60. Qxd5 Rf2+ {Time forfeit} 0-1

[Event "Rated Blitz game"]
[Site "?"]
[Date "2021.02.16"]
[Round "?"]
[White "Iajedrez"]
[Black "mutdpro"]
[Result "0-1"]
[WhiteElo "2296"]
[BlackElo "2737"]
[PlyCount "74"]
[EventDate "2021.??.??"]
[EventType "blitz"]

1. e4 e5 2. Nf3 d5 3. Nxe5 Bd6 4. d4 dxe4 5. Nc4 Nf6 6. Nc3 h6 7. Be3 Nc6 8.
Nxd6+ cxd6 9. Bb5 O-O 10. O-O d5 11. h3 Ne7 12. Qd2 Nf5 13. Be2 Re8 14. a4 a6
15. a5 Be6 16. Na4 Nd7 17. b3 Rc8 18. Rfc1 Qf6 19. c4 Qg6 20. Kh2 Rc6 21. g3
Qf6 22. Nc3 Ne7 23. c5 Qf5 24. g4 Qf6 25. Rg1 Qh4 26. f4 exf3 27. Bxf3 Qf6 28.
Raf1 Qg6 29. Bf4 Rcc8 30. Bd6 Nf6 31. Qf4 Qc2+ 32. Rg2 Qxc3 33. g5 Ng6 34. Qg3
hxg5 35. Qxg5 Qxd4 36. Rfg1 Qd3 37. Be2 Qxh3# {Normal} 0-1

[Event "Rated Blitz tournament wBj9aQDp"]
[Site "?"]
[Date "2021.02.16"]
[Round "?"]
[White "Magystr"]
[Black "Terizlong"]
[Result "0-1"]
[WhiteElo "2295"]
[BlackElo "2491"]
[PlyCount "64"]
[EventDate "2021.??.??"]
[EventType "blitz"]

1. e4 e5 2. Nf3 d5 3. d4 dxe4 4. Nxe5 Bd6 5. Nc3 Nf6 6. Bg5 O-O 7. Be2 Bf5 8.
O-O h6 9. Bh4 Nc6 10. Nxc6 bxc6 11. Bg3 Rb8 12. b3 Re8 13. Qd2 Bb4 14. Qe3 a5
15. Rad1 Ng4 16. Bxg4 Bxg4 17. Ne2 f5 18. h3 Bh5 19. c3 Bd6 20. Bxd6 cxd6 21.
Rd2 g5 22. g4 f4 23. Nxf4 gxf4 24. Qxf4 Bf7 25. Qxh6 a4 26. b4 Rb7 27. Re1 Bd5
28. Kh2 Re6 29. Qf4 Rf7 30. Qg3 Rf3 31. Qg2 e3 32. Rxe3 Rfxe3 {Normal} 0-1

[Event "Rated Blitz game"]
[Site "?"]
[Date "2021.02.16"]
[Round "?"]
[White "Vardy99"]
[Black "Monkey_King"]
[Result "0-1"]
[WhiteElo "2520"]
[BlackElo "2542"]
[PlyCount "68"]
[EventDate "2021.??.??"]
[EventType "blitz"]

1. e4 e5 2. Nf3 d5 3. exd5 e4 4. Nd4 Qxd5 5. Nb3 Nc6 6. Nc3 Qf5 7. d3 Bb4 8.
Bd2 Nf6 9. Be2 Be6 10. O-O O-O-O 11. a3 Bd6 12. Nxe4 Nxe4 13. dxe4 Qxe4 14. Bf3
Qe5 15. g3 Bxb3 16. cxb3 Qxb2 17. Bxc6 bxc6 18. Be3 Kb7 19. Qg4 Qe5 20. Qa4 a6
21. Rfc1 Qb5 22. Qg4 f5 23. Qxg7 Rhg8 24. Qd4 f4 25. Bxf4 Bxa3 26. Qf6 Bxc1 27.
Rxc1 Rd7 28. h4 Rgd8 29. Kh2 h5 30. Qc3 Qd5 31. Qc2 Qf3 32. Be3 Rd1 33. g4 hxg4
34. Qc5 Qh3# {Normal} 0-1

[Event "Rated Blitz game"]
[Site "?"]
[Date "2021.02.15"]
[Round "?"]
[White "Ramadhan99"]
[Black "Blind2250"]
[Result "1-0"]
[WhiteElo "2434"]
[BlackElo "2460"]
[PlyCount "83"]
[EventDate "2021.??.??"]
[EventType "blitz"]

1. e4 e5 2. Nf3 d5 3. Nxe5 Bd6 4. d4 dxe4 5. Bc4 Bxe5 6. dxe5 Qxd1+ 7. Kxd1 Nc6
8. Re1 Bg4+ 9. Kd2 O-O-O+ 10. Kc3 Nxe5 11. Rxe4 f6 12. Rxg4 Nxg4 13. Be6+ Kb8
14. Bxg4 Ne7 15. Be3 Nd5+ 16. Kb3 Nxe3 17. fxe3 f5 18. Bxf5 Rd1 19. a4 g6 20.
Bd3 Re8 21. e4 c5 22. a5 Rd8 23. Ka2 Rd4 24. Na3 Rxa1+ 25. Kxa1 Ra4 26. Kb1
Rxa5 27. Nc4 Ra6 28. e5 Re6 29. Be4 Kc7 30. Bd5 Re7 31. e6 b5 32. Ne3 Kd6 33.
c4 a6 34. Ng4 h5 35. Nf2 Ke5 36. Kc2 Kd4 37. b3 a5 38. Nd3 a4 39. Nf4 a3 40.
Nxg6 Ra7 41. e7 a2 42. e8=Q {Normal} 1-0

[Event "Rated Blitz game"]
[Site "?"]
[Date "2021.02.15"]
[Round "?"]
[White "AN-GODER"]
[Black "emiliofelixramirez"]
[Result "1-0"]
[WhiteElo "2265"]
[BlackElo "2428"]
[PlyCount "105"]
[EventDate "2021.??.??"]
[EventType "blitz"]

1. e4 e5 2. Nf3 d5 3. Nc3 dxe4 4. Nxe4 f5 5. Ng3 e4 6. Qe2 Nf6 7. d3 Bb4+ 8. c3
O-O 9. dxe4 fxe4 10. Qc4+ Kh8 11. Ng5 Bd6 12. Nf7+ Rxf7 13. Qxf7 Nc6 14. Bg5
Ne5 15. Bxf6 gxf6 16. Qb3 f5 17. O-O-O Qe7 18. Be2 c6 19. Rhe1 Be6 20. Qc2 Bc5
21. f3 Bxa2 22. Nxf5 Qg5+ 23. Rd2 Qxf5 24. Bf1 Nd3+ 25. Bxd3 exd3 26. Qxd3 Qxd3
27. Rxd3 Bd5 28. Kc2 a5 29. b3 b5 30. Re5 a4 31. bxa4 Rxa4 32. Rexd5 cxd5 33.
Rxd5 Rc4 34. Kd3 Kg7 35. Rd7+ Kg6 36. Rb7 Be7 37. Rxe7 Rc5 38. Rb7 Rd5+ 39. Ke4
Rd2 40. g4 Rxh2 41. Rxb5 Re2+ 42. Kf4 Rc2 43. Rb6+ Kf7 44. Rc6 Rd2 45. Kf5 Rd5+
46. Ke4 Ra5 47. f4 Ra1 48. c4 Re1+ 49. Kf5 Re7 50. g5 Kg7 51. Kg4 Rf7 52. f5
Rc7 53. Rxc7+ {Time forfeit} 1-0

[Event "Rated Blitz tournament jvl0QupJ"]
[Site "?"]
[Date "2021.02.15"]
[Round "?"]
[White "Zhigalko_Sergei"]
[Black "AmelyPlaying"]
[Result "1-0"]
[WhiteElo "2767"]
[BlackElo "2518"]
[PlyCount "117"]
[EventDate "2021.??.??"]
[EventType "blitz"]

1. e4 e5 2. Nf3 d5 3. exd5 e4 4. Qe2 Nf6 5. Nc3 Be7 6. Nxe4 O-O 7. Nxf6+ Bxf6
8. d4 Qxd5 9. c3 c5 10. Be3 cxd4 11. Nxd4 Nc6 12. Qf3 Qa5 13. Nb3 Qc7 14. Be2
Ne5 15. Qg3 Bf5 16. O-O Rfe8 17. Nd4 Bg6 18. h4 h5 19. Rad1 Qa5 20. a3 Rac8 21.
Nb5 Rcd8 22. Nd6 Re7 23. Nc4 Nxc4 24. Bxc4 Kh7 25. b4 Rxe3 26. Qxe3 Qc7 27.
Rxd8 Qxd8 28. g3 Bf5 29. Re1 Qc7 30. Bd3 Qd7 31. Bxf5+ Qxf5 32. Qe4 Kg6 33. c4
b6 34. c5 bxc5 35. bxc5 Qxe4 36. Rxe4 Kf5 37. Re2 Be5 38. c6 Bc7 39. Rd2 Ke6
40. Rd7 Bb6 41. Kg2 g6 42. Rd3 f6 43. Kf3 g5 44. hxg5 fxg5 45. Ke4 Ba5 46. Rd5
h4 47. gxh4 gxh4 48. Rxa5 h3 49. Rh5 Kd6 50. Rh6+ Kc7 51. Kd5 h2 52. Rh7+ Kb6
53. Rxh2 Ka5 54. Rh7 Ka4 55. Rb7 a5 56. c7 Kxa3 57. c8=Q a4 58. Qc6 Ka2 59.
Qxa4# {Normal} 1-0

[Event "Rated Blitz game"]
[Site "?"]
[Date "2021.02.15"]
[Round "?"]
[White "Sergio_Trigo"]
[Black "annaly1979"]
[Result "1-0"]
[WhiteElo "2412"]
[BlackElo "2412"]
[PlyCount "103"]
[EventDate "2021.??.??"]
[EventType "blitz"]

1. e4 e5 2. Nf3 d5 3. exd5 e4 4. Qe2 f5 5. d3 Nf6 6. Nbd2 Be7 7. dxe4 fxe4 8.
Nxe4 Nxe4 9. Qxe4 O-O 10. Bd3 Bf5 11. Qe2 Bd6 12. Bxf5 Rxf5 13. Qe6+ Rf7 14.
Ng5 Qe7 15. Nxf7 Qxf7 16. O-O Nd7 17. Bg5 Nc5 18. Qxf7+ Kxf7 19. Rfe1 h6 20.
Be3 Nd7 21. Bd4 b5 22. Re2 a5 23. Rae1 b4 24. f4 a4 25. g3 Ra5 26. Be5 Nf6 27.
Rd1 Rc5 28. Kg2 Nxd5 29. Bxd6 cxd6 30. Kf3 a3 31. bxa3 Nc3 32. axb4 Rc4 33.
Rxd6 Nxe2 34. Kxe2 Rxc2+ 35. Kf3 Rxa2 36. h3 Rb2 37. Rb6 g6 38. Kg4 Rb3 39. Kh4
Kg7 40. Kg4 Kf7 41. Rb7+ Kf6 42. Rb6+ Kg7 43. h4 h5+ 44. Kh3 Kf7 45. b5 Kg7 46.
Rb7+ Kf6 47. b6 Rb1 48. Rb8 Kg7 49. Kg2 Kf7 50. b7 Kg7 51. Kf2 Rb3 52. Ke2 {
Normal} 1-0

[Event "Rated Blitz game"]
[Site "?"]
[Date "2021.02.15"]
[Round "?"]
[White "Dr_Acula2019"]
[Black "lederman"]
[Result "1-0"]
[WhiteElo "2417"]
[BlackElo "2410"]
[PlyCount "29"]
[EventDate "2021.??.??"]
[EventType "blitz"]

1. e4 e5 2. Nf3 d5 3. exd5 Qxd5 4. Nc3 Qe6 5. Bb5+ c6 6. Ba4 Bd6 7. O-O Ne7 8.
d4 e4 9. d5 Qg6 10. Nh4 Bxh2+ 11. Kxh2 Qd6+ 12. Kg1 O-O 13. dxc6 Qf6 14. cxb7
Bxb7 15. Qg4 {Normal} 1-0

[Event "Rated Blitz game"]
[Site "?"]
[Date "2021.02.15"]
[Round "?"]
[White "GornjiCity"]
[Black "Terizlong"]
[Result "0-1"]
[WhiteElo "2484"]
[BlackElo "2468"]
[PlyCount "66"]
[EventDate "2021.??.??"]
[EventType "blitz"]

1. e4 e5 2. Nf3 d5 3. Nxe5 dxe4 4. d4 Bd6 5. Nc4 Nf6 6. Nc3 h6 7. g3 O-O 8. Bg2
Re8 9. O-O Bg4 10. Qe1 Nc6 11. Be3 Qd7 12. a3 Rad8 13. Qd2 Qf5 14. Rfe1 Bf8 15.
b4 b5 16. Na5 Ne5 17. dxe5 Rxd2 18. Bxd2 Rxe5 19. Nc6 Re8 20. Nd4 Qd7 21. Be3
a6 22. Nb3 Bf3 23. Bf1 Ng4 24. Bd4 h5 25. h3 h4 26. hxg4 Qxg4 27. Kh2 hxg3+ 28.
fxg3 Bd6 29. Bf2 Re6 30. Bg2 Bxg2 31. Kxg2 Qf3+ 32. Kf1 Rh6 33. Ne2 Rh2 {
Time forfeit} 0-1

[Event "Rated Blitz game"]
[Site "?"]
[Date "2021.02.15"]
[Round "?"]
[White "petrut1970"]
[Black "Woodtree"]
[Result "1/2-1/2"]
[WhiteElo "2422"]
[BlackElo "2587"]
[PlyCount "142"]
[EventDate "2021.??.??"]
[EventType "blitz"]

1. e4 e5 2. Nf3 d5 3. d3 dxe4 4. dxe4 Qxd1+ 5. Kxd1 Bd6 6. Bc4 h6 7. Be3 Nd7 8.
Nbd2 Ne7 9. c3 O-O 10. Kc2 a6 11. a4 Ng6 12. h3 Bc5 13. g4 Re8 14. b4 Bxe3 15.
fxe3 Nf6 16. Rhf1 Be6 17. Bxe6 Rxe6 18. g5 hxg5 19. Nxg5 Re7 20. Rad1 Ne8 21.
Nc4 f6 22. Nf3 b5 23. axb5 axb5 24. Na5 Nd6 25. Nd2 Kf7 26. Kb3 Rh8 27. Rf3 Rh4
28. c4 bxc4+ 29. Naxc4 Nxe4 30. Nxe4 Rxe4 31. Rg1 Nf8 32. Rg4 Rxg4 33. hxg4 Nh7
34. b5 Ng5 35. Rf1 Rd7 36. Kc2 Ne4 37. Rd1 Rxd1 38. Kxd1 Nf2+ 39. Ke2 Nxg4 40.
Nd6+ Ke7 41. Nf5+ Kf7 42. Nd6+ cxd6 43. b6 Ke6 44. b7 d5 45. b8=Q Kf5 46. Qc8+
Kg5 47. Qd7 d4 48. Qxg7+ Kf5 49. Qd7+ Kg5 50. e4 Nh6 51. Qg7+ Kh5 52. Kf3 f5
53. exf5 Nxf5 54. Qg4+ Kh6 55. Qxf5 d3 56. Qxd3 Kg5 57. Qe4 Kf6 58. Kg4 Ke6 59.
Qf5+ Kd6 60. Kf3 Kd5 61. Ke3 Kd6 62. Ke4 Kc5 63. Qxe5+ Kc4 64. Qd6 Kb5 65. Qd5+
Kb6 66. Kd3 Kc7 67. Kc3 Kb6 68. Kb4 Kc7 69. Qe6 Kb7 70. Kc5 Kc7 71. Qe7+ Kb8 {
Time forfeit} 1/2-1/2

[Event "Rated Blitz game"]
[Site "?"]
[Date "2021.02.15"]
[Round "?"]
[White "mosmad"]
[Black "DarthZannah"]
[Result "1-0"]
[WhiteElo "2548"]
[BlackElo "2493"]
[PlyCount "37"]
[EventDate "2021.??.??"]
[EventType "blitz"]

1. e4 e5 2. Nf3 d5 3. exd5 e4 4. Qe2 Nf6 5. d3 Qxd5 6. Ng5 e3 7. Qxe3+ Be7 8.
Nc3 Qa5 9. Bd2 O-O 10. O-O-O Nc6 11. Nce4 Qxa2 12. Bc3 Nxe4 13. Nxe4 f5 14. Nd2
Be6 15. Nc4 Bxc4 16. dxc4 f4 17. Qe6+ Kh8 18. Bd3 f3 19. Qh6 {Normal} 1-0

[Event "Rated Blitz game"]
[Site "?"]
[Date "2021.02.15"]
[Round "?"]
[White "GlennTipton"]
[Black "annaly1979"]
[Result "1-0"]
[WhiteElo "2502"]
[BlackElo "2384"]
[PlyCount "49"]
[EventDate "2021.??.??"]
[EventType "blitz"]

1. e4 e5 2. Nf3 d5 3. Nxe5 Qe7 4. d4 f6 5. Nd3 Nc6 6. c3 Bf5 7. Be2 Bxe4 8. O-O
Qf7 9. Nd2 Bf5 10. Nb3 Bd6 11. Nbc5 b6 12. Qa4 Nge7 13. Nb7 Qg6 14. Nxd6+ cxd6
15. Nb4 Bd7 16. Bb5 Rc8 17. Nxc6 Nxc6 18. Re1+ Kf8 19. Bf4 f5 20. Bxc6 Bxc6 21.
Qxa7 Qf7 22. Bxd6+ Kg8 23. Re7 Qg6 24. Be5 h6 25. Rxg7+ {Normal} 1-0

[Event "Rated Blitz game"]
[Site "?"]
[Date "2021.02.15"]
[Round "?"]
[White "grandmastergauri"]
[Black "annaly1979"]
[Result "1-0"]
[WhiteElo "2517"]
[BlackElo "2377"]
[PlyCount "35"]
[EventDate "2021.??.??"]
[EventType "blitz"]

1. e4 e5 2. Nf3 d5 3. Nc3 dxe4 4. Nxe5 f5 5. d4 Nf6 6. Bc4 Bb4 7. Nf7 Qe7 8.
Nxh8 Be6 9. d5 Bg8 10. d6 Bxc3+ 11. bxc3 Qe5 12. Bxg8 Nxg8 13. Qh5+ g6 14. Qxh7
Qxc3+ 15. Bd2 Qxa1+ 16. Ke2 Qxh1 17. Qf7+ Kd8 18. Bg5+ {Normal} 1-0

[Event "Rated Blitz game"]
[Site "?"]
[Date "2021.02.15"]
[Round "?"]
[White "Ayosi"]
[Black "alaeldin12"]
[Result "0-1"]
[WhiteElo "2414"]
[BlackElo "2269"]
[PlyCount "82"]
[EventDate "2021.??.??"]
[EventType "blitz"]

1. e4 e5 2. Nf3 d5 3. Nxe5 Bd6 4. d4 dxe4 5. Nc4 Nf6 6. Be2 Nc6 7. Nxd6+ Qxd6
8. Be3 a6 9. O-O h5 10. f3 Ne7 11. Qd2 b5 12. Nc3 Bb7 13. Bf4 Qd7 14. fxe4 Bxe4
15. Nxe4 Nxe4 16. Qe3 f5 17. c4 bxc4 18. Bxc4 Nd5 19. Bxd5 Qxd5 20. Bxc7 O-O
21. Be5 Rae8 22. Rac1 Rxe5 23. dxe5 Qxe5 24. Rc6 f4 25. Qb3+ Kh8 26. Qc2 Qd4+
27. Kh1 Re8 28. Rc8 Qe5 29. Rxe8+ Qxe8 30. Kg1 Qe5 31. Qd3 Qc5+ 32. Kh1 Nf2+
33. Rxf2 Qxf2 34. Qd8+ Kh7 35. Qd3+ g6 36. h3 Qxb2 37. Qxa6 Qa1+ 38. Kh2 Qe5
39. Qd3 f3+ 40. g3 Qe2+ 41. Kg1 Qxd3 {Normal} 0-1

[Event "Rated Blitz game"]
[Site "?"]
[Date "2021.02.15"]
[Round "?"]
[White "Starazagora"]
[Black "Blind2250"]
[Result "1-0"]
[WhiteElo "2395"]
[BlackElo "2438"]
[PlyCount "85"]
[EventDate "2021.??.??"]
[EventType "blitz"]

1. e4 e5 2. Nf3 d5 3. Nxe5 Bd6 4. d4 dxe4 5. Nc3 Nf6 6. Bg5 O-O 7. Nxe4 Bxe5 8.
c3 h6 9. Bh4 g5 10. Nxf6+ Bxf6 11. Bg3 Nc6 12. Be2 Bg7 13. h4 Be6 14. Qc2 f5
15. hxg5 hxg5 16. O-O-O Bd5 17. Bd3 Qd7 18. Rh5 Bxg2 19. Rxg5 Be4 20. Rg1 Bxd3
21. Qxd3 Rf7 22. Qc4 Na5 23. Rxg7+ Kxg7 24. Be5+ Kh7 25. Qf1 Qe6 26. Rg2 Qh6+
27. f4 Rg8 28. Rxg8 Kxg8 29. b4 Nc6 30. Qb5 Nxe5 31. Qxe5 Qf6 32. Qe8+ Kg7 33.
Qe3 Re7 34. Qg3+ Qg6 35. Qh2 Qg4 36. Kb2 Re2+ 37. Qxe2 Qxe2+ 38. Kb3 Qf3 39. a4
Qxf4 40. a5 Qe4 41. b5 f4 42. Kb4 a6 43. c4 {Time forfeit} 1-0

[Event "Rated Blitz game"]
[Site "?"]
[Date "2021.02.15"]
[Round "?"]
[White "a20b"]
[Black "Terizlong"]
[Result "0-1"]
[WhiteElo "2417"]
[BlackElo "2457"]
[PlyCount "48"]
[EventDate "2021.??.??"]
[EventType "blitz"]

1. e4 e5 2. Nf3 d5 3. exd5 Bd6 4. d4 e4 5. Ne5 Nf6 6. Nc3 O-O 7. Be2 h6 8. O-O
Re8 9. Bf4 Nbd7 10. f3 exf3 11. Bxf3 Nxe5 12. dxe5 Bxe5 13. Bxe5 Rxe5 14. Qd4
Qe7 15. Rad1 Bf5 16. Rd2 Re8 17. h3 b6 18. d6 cxd6 19. Qxd6 Qxd6 20. Rxd6 Bxc2
21. Nd5 Nxd5 22. Bxd5 Bf5 23. Bxf7+ Kxf7 24. g4 Ke7 {Normal} 0-1

[Event "Rated Blitz game"]
[Site "?"]
[Date "2021.02.15"]
[Round "?"]
[White "gmftorres1"]
[Black "Blind2250"]
[Result "0-1"]
[WhiteElo "2473"]
[BlackElo "2435"]
[PlyCount "94"]
[EventDate "2021.??.??"]
[EventType "blitz"]

1. e4 e5 2. Nf3 d5 3. Nxe5 Bd6 4. d4 dxe4 5. Nc4 Nf6 6. Nc3 O-O 7. Bg5 Re8 8.
Be2 Nc6 9. O-O Nxd4 10. a4 c5 11. h3 h6 12. Be3 Be5 13. a5 Nxe2+ 14. Qxe2 Bxc3
15. bxc3 Be6 16. Rfd1 Qc7 17. Rdb1 Rad8 18. Rb5 Rd5 19. Rab1 Bc8 20. g3 Qd7 21.
h4 Qh3 22. Qf1 Qg4 23. Bf4 Nh5 24. Ne3 Qe6 25. Nxd5 Qxd5 26. Be3 b6 27. axb6
axb6 28. Rxb6 Bg4 29. R6b5 Bf3 30. Rxc5 Qe6 31. Kh2 Nf6 32. Qc4 Ng4+ 33. Kg1
Qg6 34. Rc6 Qf5 35. Rb5 Re5 36. Rb8+ Kh7 37. Rcc8 Rd5 38. Rh8+ Kg6 39. Rb6+ f6
40. Rb1 Qd7 41. Qf1 Ne5 42. h5+ Bxh5 43. Bd4 Nf3+ 44. Kh1 Nxd4 45. cxd4 Bf3+
46. Kh2 Rh5+ 47. Kg1 Rh1# {Normal} 0-1

[Event "Rated Blitz game"]
[Site "?"]
[Date "2021.02.15"]
[Round "?"]
[White "Manuel_Ochoa"]
[Black "Blind2250"]
[Result "1-0"]
[WhiteElo "2465"]
[BlackElo "2419"]
[PlyCount "65"]
[EventDate "2021.??.??"]
[EventType "blitz"]

1. e4 e5 2. Nf3 d5 3. exd5 e4 4. Qe2 Qe7 5. Nd4 Nf6 6. Nc3 Qe5 7. Nf3 Qe7 8.
Ng5 Bf5 9. Qb5+ Nbd7 10. Qxb7 Rb8 11. Qxc7 h6 12. Nh3 Bxh3 13. gxh3 Qb4 14. Bb5
Rxb5 15. Qc8+ Ke7 16. Nxb5 Qxb5 17. b3 Qxd5 18. Ba3+ Ke6 19. Qa6+ Kf5 20. Qxa7
Ne5 21. O-O-O Bxa3+ 22. Qxa3 Rc8 23. Kb1 Nf3 24. d3 exd3 25. cxd3 Nd4 26. Rc1
Nb5 27. Qb2 Qxd3+ 28. Ka1 Nc3 29. Rc2 Nfd5 30. Rhc1 Ra8 31. Rxc3 Nxc3 32. Qxc3
Qxc3+ 33. Rxc3 {Normal} 1-0

[Event "Rated Blitz game"]
[Site "?"]
[Date "2021.02.15"]
[Round "?"]
[White "Ristic58"]
[Black "Terizlong"]
[Result "0-1"]
[WhiteElo "2473"]
[BlackElo "2458"]
[PlyCount "52"]
[EventDate "2021.??.??"]
[EventType "blitz"]

1. e4 e5 2. Nf3 d5 3. Nxe5 dxe4 4. Bc4 Qg5 5. Bxf7+ Kd8 6. d4 Qxg2 7. Rf1 Nf6
8. Bc4 Ke8 9. Nc3 Nc6 10. Bb5 a6 11. Be2 Bf5 12. Nxc6 bxc6 13. Bf4 Bb4 14. Qd2
Nd5 15. Be5 Rf8 16. a3 Bxc3 17. bxc3 Bg4 18. c4 Bxe2 19. Qxe2 Nc3 20. Qd2 e3
21. Qxc3 Rxf2 22. O-O-O Rxf1 23. Qxe3 Kd7 24. d5 cxd5 25. cxd5 Re8 26. Qd4 Qg5+
{Time forfeit} 0-1

[Event "Rated Blitz game"]
[Site "?"]
[Date "2021.02.15"]
[Round "?"]
[White "kahvitauko"]
[Black "KamranShirazi"]
[Result "1-0"]
[WhiteElo "2358"]
[BlackElo "2439"]
[PlyCount "67"]
[EventDate "2021.??.??"]
[EventType "blitz"]

1. e4 e5 2. Nf3 d5 3. exd5 e4 4. Qe2 f5 5. d3 Nf6 6. dxe4 fxe4 7. Nbd2 Bb4 8.
c3 O-O 9. cxb4 exf3 10. Nxf3 Nxd5 11. Bd2 Re8 12. Ne5 Nc6 13. f4 Nxf4 14. Bxf4
Nxe5 15. Bxe5 Qg5 16. Qc4+ Kh8 17. Be2 Qxe5 18. O-O Be6 19. Qd3 Qxb2 20. Bf3
Qxb4 21. Kh1 Bc4 22. Qb1 Qe7 23. Rc1 b5 24. a4 Rab8 25. axb5 Bxb5 26. Rxa7 Qe3
27. Raxc7 Bd3 28. Qxb8 Rxb8 29. Rc8+ Qe8 30. Rxe8+ Rxe8 31. h3 h6 32. Bh5 Rf8
33. Rc3 Be4 34. Kh2 {Time forfeit} 1-0

[Event "Rated Blitz game"]
[Site "?"]
[Date "2021.02.15"]
[Round "?"]
[White "YEIKOCASTELLA"]
[Black "annaly1979"]
[Result "0-1"]
[WhiteElo "2432"]
[BlackElo "2380"]
[PlyCount "68"]
[EventDate "2021.??.??"]
[EventType "blitz"]

1. e4 e5 2. Nf3 d5 3. Nxe5 Qe7 4. d4 f6 5. Nc3 fxe5 6. Nxd5 Qf7 7. Bc4 Be6 8.
Nxc7+ Qxc7 9. Bxe6 Nf6 10. O-O exd4 11. Qxd4 Nc6 12. Qc4 Bd6 13. f4 Nd8 14. e5
Qxc4 15. Bxc4 Bc5+ 16. Kh1 Ne4 17. g3 Nc6 18. c3 O-O-O 19. Kg2 h5 20. Re1 Nd2
21. Be6+ Kb8 22. f5 Rhe8 23. Re2 Rxe6 24. fxe6 Nc4 25. Bg5 Re8 26. b4 Bb6 27.
a4 N6xe5 28. a5 Bc7 29. Rae1 Nd3 30. Rd1 Nde5 31. Bf4 a6 32. Kf1 Rxe6 33. Rd7
Rf6 34. Rxc7 Kxc7 {Normal} 0-1

[Event "Rated Blitz tournament KPq5nphH"]
[Site "?"]
[Date "2021.02.15"]
[Round "?"]
[White "Isthemoment"]
[Black "ChessMeraki"]
[Result "1-0"]
[WhiteElo "2452"]
[BlackElo "2355"]
[PlyCount "43"]
[EventDate "2021.??.??"]
[EventType "blitz"]

1. e4 e5 2. Nf3 d5 3. exd5 e4 4. Qe2 Nf6 5. d3 Qxd5 6. dxe4 Qxe4 7. Nc3 Qxe2+
8. Bxe2 Bd6 9. Bg5 Nbd7 10. O-O-O O-O 11. Nb5 h6 12. Bh4 g5 13. Nxd6 gxh4 14.
Nf5 Kh7 15. Bd3 Nc5 16. N3xh4 Nxd3+ 17. Rxd3 Be6 18. Re1 Rfd8 19. Rde3 Ng4 20.
Rg3 Nf6 21. Rg7+ Kh8 22. Rxe6 {Normal} 1-0

[Event "Rated Blitz game"]
[Site "?"]
[Date "2021.02.15"]
[Round "?"]
[White "Burnashataman"]
[Black "Blind2250"]
[Result "1-0"]
[WhiteElo "2355"]
[BlackElo "2435"]
[PlyCount "95"]
[EventDate "2021.??.??"]
[EventType "blitz"]

1. e4 e5 2. Nf3 d5 3. Nxe5 Bd6 4. d4 dxe4 5. Nc4 Nf6 6. Nc3 O-O 7. Bg5 Re8 8.
Ne3 c6 9. Bc4 h6 10. Bh4 b5 11. Bb3 a5 12. a4 b4 13. Ne2 Na6 14. Qd2 Nc7 15.
O-O Be6 16. Bxe6 Rxe6 17. Nf5 Ncd5 18. c4 bxc3 19. bxc3 Bf8 20. Rab1 Kh7 21.
Rb7 Qe8 22. Ne3 Nxe3 23. fxe3 Re7 24. Rbb1 Nd5 25. c4 g5 26. cxd5 gxh4 27. dxc6
Qxc6 28. Rb5 Rea7 29. Rbf5 Kg8 30. Qe1 Be7 31. Rxf7 Bg5 32. Rxa7 Bxe3+ 33. Kh1
Rxa7 34. Qxh4 Qc4 35. Qd8+ Kg7 36. Qf8+ Kh7 37. Qf5+ Kh8 38. Qg6 Qg8 39. Qxe4
Bg5 40. Qe5+ Kh7 41. Qf5+ Kh8 42. Ng3 Re7 43. Ne4 Qe6 44. Qf8+ Kh7 45. Nxg5+
hxg5 46. h3 Kg6 47. d5 Rg7 48. dxe6 {Normal} 1-0

[Event "Rated Blitz game"]
[Site "?"]
[Date "2021.02.15"]
[Round "?"]
[White "Sirojiddin_1616"]
[Black "annaly1979"]
[Result "0-1"]
[WhiteElo "2413"]
[BlackElo "2395"]
[PlyCount "20"]
[EventDate "2021.??.??"]
[EventType "blitz"]

1. e4 e5 2. Nf3 d5 3. exd5 e4 4. Qe2 f5 5. d3 Nf6 6. Bg5 Be7 7. Bxf6 Bxf6 8.
dxe4 fxe4 9. Qxe4+ Kf7 10. Nc3 Re8 {Normal} 0-1

[Event "Rated Blitz tournament qGT14v4e"]
[Site "?"]
[Date "2021.02.15"]
[Round "?"]
[White "Goroshkov_Maksym"]
[Black "Schachelite"]
[Result "1-0"]
[WhiteElo "2463"]
[BlackElo "2354"]
[PlyCount "75"]
[EventDate "2021.??.??"]
[EventType "blitz"]

1. e4 e5 2. Nf3 d5 3. Nxe5 Bd6 4. d4 dxe4 5. Bc4 Bxe5 6. dxe5 Qxd1+ 7. Kxd1 Nc6
8. Bf4 Bg4+ 9. Kc1 Nge7 10. Bb5 O-O-O 11. Nc3 Ng6 12. Bxc6 Nxf4 13. Bxe4 Rhe8
14. g3 Nh3 15. f4 f6 16. Re1 fxe5 17. fxe5 g6 18. b3 c6 19. Bd3 Nf2 20. Bc4 b5
21. Bf7 Re7 22. e6 Rf8 23. Kb2 Bf5 24. Re5 Ng4 25. Rc5 Kb7 26. Re1 Kb6 27. b4
a5 28. a3 a4 29. h3 Nh6 30. g4 Nxf7 31. gxf5 gxf5 32. Rxf5 Nd6 33. Rxf8 Nc4+
34. Ka2 c5 35. Rf7 cxb4 36. Rxe7 b3+ 37. cxb3 axb3+ 38. Kxb3 {Normal} 1-0

[Event "Rated Blitz game"]
[Site "?"]
[Date "2021.02.15"]
[Round "?"]
[White "echecetmat45"]
[Black "Blind2250"]
[Result "0-1"]
[WhiteElo "2347"]
[BlackElo "2438"]
[PlyCount "48"]
[EventDate "2021.??.??"]
[EventType "blitz"]

1. e4 e5 2. Nf3 d5 3. d4 dxe4 4. Nxe5 Bd6 5. Nc4 Nf6 6. Nxd6+ Qxd6 7. c4 O-O 8.
Nc3 Re8 9. Be3 Nc6 10. Be2 Bf5 11. g4 Bg6 12. h4 h6 13. h5 Bh7 14. Qd2 Rad8 15.
O-O-O Qf8 16. Rdg1 Nxd4 17. Bxd4 c5 18. g5 Rxd4 19. Qe3 hxg5 20. Rxg5 Kh8 21.
Rxc5 Qxc5 22. Nb5 Rxc4+ 23. Bxc4 Qxc4+ 24. Nc3 Nd5 {Normal} 0-1